000
00334nam a22001457a 4500
008
230427b ||||| |||| 00| 0 eng d
020
_a
9781565336032
041
_a
eng
080
_2
EDITION 8.0
_a
616.8
082
_a
616.8HOL
100
_a
11
101
_a
INF
245
_a
RN MENTAL HEALTH NURSING
_c
HOLMAN.C.H
942
_2
udc
_c
BK
999
_c
59634
_d
59634